000
00219nam a2200097Ia 4500
005
20251222114341.0
008
251222s1900||||xx |||||||||||||| ||spa||
082
_a
DVD0110/P65/2001
245
0
_a
Buscando a Nemo:
942
_c
DVD
999
_c
863
_d
863